000 00358nam a22001457a 4500
003 SGT
020 _a9788181914774
082 _a6116.0707
_bO17B
100 _a BIRADAR, VIJAY KUMAR
245 _aOral Pathology Examination Target
260 _aDelhi India
_bParas Medical Publisher
_c2017
300 _a1-242
650 _aOral Pathology
942 _2ddc
_cBK
999 _c21838
_d21838